02148cam a22002775a 4500999001700000005001700017008004100034020001800075040005000093082002000143100001700163245016300180260005500343300004500398504005200443520102300495650004201518650002701560650003101587651001001618653003201628700002601660776003501686942000801721952014101729 c27277d2724820190327135028.0150729t2017 ne a frb 001 0 eng d z9780128002773 aStDuBDSbengcStDuBDSdUkdEG-ScBUEdEG-ScBUE04a621.44bTOT2221 aToth, Aniko.10aFlow and heat transfer in geothermal systems :bbasic equations for describing and modeling geothermal phenomena and technologies /cAniko Toth, Elemer Bobok. aAmsterdam :bElsevier Science Publishing,cc.2017. axi, 382 p. :bill. (some col.) ;c24 cm. aIncludes bibliographical references and index.  aFlow and Heat Transfer in Geothermal Systems: Basic Equations for Description and Modeling Geothermal Phenomena and Technologies is the ideal reference for research in geothermal systems and alternative energy sources. Written for a wide variety of users, including geologists, geophysicists, hydro-geologists, and engineers, it offers a practical framework for the application of heat and flow transport theory. Authored by two of the world’s foremost geothermal systems experts, whose combined careers span more than 50 years, this text is a one-stop resource for geothermal system theory and application. It will help geoscientists and engineers navigate the wealth of new research that has emerged on the topic in recent years. Presents a practical and immediately implementable framework for understanding and applying heat and flow transport theory Features equations for modelling geothermal phenomena and technologies in full detail Provides an ideal text for applications in both geophysics and engineering 7aGeothermal engineering.2BUEsh928729 7aFluid dynamics.2BUEsh 7aHeatxTransmission.2BUEsh 2BUEsh bEENERGYYbENGPETcMarch201910aBobok, Elemer,d1938-08iPrint version :z9780128002773 2ddc 00102ddc40708BaccahaMAINbMAINc1STd2019-03-23ePurchaseg2639.00h175l0o621.44 TOTp000043269r2025-07-15 00:00:00v3298.75yBB